Микропроцессорные системы: учебное пособие для вузов

Библиографические подробности
Главный автор: Хартов В. Я. Вячеслав Яковлевич
Примечания:Учебное пособие создано в соответствии с Федеральным государственным образовательным стандартом по направлению подготовки 230100 «Информатика и вычислительная техника» (квалификация «бакалавр»). Рассмотрены базовые понятия, необходимые для построения микропроцессорных систем открытого типа с магистрально-модульной архитектурой и микроконтроллеров. Изложены общие принципы построения микропроцессорных систем, детально рассмотрена архитектура систем на основе 8- и 16-разрядных микроконтроллеров MCS-51, AVR, MCS-96/196, MSP-430 с полной (CISC) и сокращенной (RISC) системой команд. Приведены конкретные примеры программирования микроконтроллеров и системного проектирования. Рассмотрены перспективные направления развития микропроцессорных систем для мобильных приложений, представленные системами на кристалле, объединяющими ядро микроконтроллера и логическую матрицу, а также высокопроизводительные 32-разрядные микроконтроллеры типа ARM (LPC, STM32) и встраиваемые компьютерные системы на основе универсальных микропроцессоров общего назначения, применяемые в системах управления высокой производительности. Для студентов учреждений высшего образования. Может быть полезно широкому кругу специалистов в области проектирования микропроцессорных систем.
Язык:русский
Опубликовано: Москва, Академия, 2014
Издание:2-е изд., испр. и доп.
Серии:Высшее образование. Бакалавриат
Информатика и вычислительная техника
Предметы:
Формат: MixedMaterials Книга
Запись в KOHA:https://koha.lib.tpu.ru/cgi-bin/koha/opac-detail.pl?biblionumber=264001

MARC

LEADER 00000nam0a2200000 4500
001 264001
005 20231101233806.0
010 |a 9785446804405 
035 |a (RuTPU)RU\TPU\book\286992 
090 |a 264001 
100 |a 20140616d2014 m y0rusy50 ca 
101 0 |a rus 
102 |a RU 
105 |a a j 001zy 
200 1 |a Микропроцессорные системы  |e учебное пособие для вузов  |f В. Я. Хартов 
205 |a 2-е изд., испр. и доп. 
210 |a Москва  |c Академия  |d 2014 
215 |a 368 с.  |c ил. 
225 1 |a Высшее образование. Бакалавриат 
225 1 |a Информатика и вычислительная техника 
320 |a Библиогр.: с. 364-365. 
330 |a Учебное пособие создано в соответствии с Федеральным государственным образовательным стандартом по направлению подготовки 230100 «Информатика и вычислительная техника» (квалификация «бакалавр»). Рассмотрены базовые понятия, необходимые для построения микропроцессорных систем открытого типа с магистрально-модульной архитектурой и микроконтроллеров. Изложены общие принципы построения микропроцессорных систем, детально рассмотрена архитектура систем на основе 8- и 16-разрядных микроконтроллеров MCS-51, AVR, MCS-96/196, MSP-430 с полной (CISC) и сокращенной (RISC) системой команд. Приведены конкретные примеры программирования микроконтроллеров и системного проектирования. Рассмотрены перспективные направления развития микропроцессорных систем для мобильных приложений, представленные системами на кристалле, объединяющими ядро микроконтроллера и логическую матрицу, а также высокопроизводительные 32-разрядные микроконтроллеры типа ARM (LPC, STM32) и встраиваемые компьютерные системы на основе универсальных микропроцессоров общего назначения, применяемые в системах управления высокой производительности. Для студентов учреждений высшего образования. Может быть полезно широкому кругу специалистов в области проектирования микропроцессорных систем. 
452 1 |0 (RuTPU)RU\TPU\book\314629  |y 978-5-4468-0440-5  |t Микропроцессорные системы  |o учебное пособие для вузов  |f В. Я. Хартов  |e 2-е изд., испр. и доп.  |c Москва  |n Академия  |d 2014  |p 1 Мультимедиа CD-ROM  |s Информатика и вычислительная техника  |a Хартов, Вячеслав Яковлевич 
606 1 |a Микропроцессоры  |2 stltpush  |3 (RuTPU)RU\TPU\subj\43715  |9 63175 
610 1 |a организация 
610 1 |a микроконтроллеры 
610 1 |a архитектура 
610 1 |a данные 
610 1 |a логическая обработка 
610 1 |a арифметическая обработка 
610 1 |a таймеры 
610 1 |a программирование 
610 1 |a микроконтроллерные системы 
610 1 |a встраиваемые системы 
610 1 |a учебные системы 
675 |a 004.31(075.8)  |v 4 
700 1 |a Хартов  |b В. Я.  |g Вячеслав Яковлевич 
801 1 |a RU  |b 63413507  |c 20140616 
801 2 |a RU  |b 63413507  |c 20150916  |g RCR 
900 |a Микропроцессорные системы 
900 |a Системное программирование 
900 |a Микропроцессорное и компьютерное управление 
942 |c BK 
951 |b 230100  |l 8.1 
959 |a 106/20140616  |d 7  |e 468,00  |f ЧЗТЛ:1  |f АНЛ:1  |f УФ:5